Les vainqueurs de la Ligue des Champions - Statistiques

Statistiques générales
  • Ce quiz a été pris 58 fois
  • Le résultat moyen est 61 sur 69
Statistiques - réponses
Question Réponse % Correct
Belgrade 1973 Ajax
100%
Rotterdam 1972 Ajax
100%
Londres 1971 Ajax
100%
Rotterdam 1982 Aston Villa
100%
Berlin 2015 Barcelone
100%
Londres 2011 Barcelone
100%
Rome 2009 Barcelone
100%
Saint-Denis 2006 Barcelone
100%
Londres 1992 Barcelone
100%
Lisbonne 2020 Bayern
100%
Londres 2013 Bayern
100%
Paris 1975 Bayern
100%
Bruxelles 1974 Bayern
100%
Lisbonne 1967 Celtic
100%
Porto 2021 Chelsea
100%
Munich 2012 Chelsea
100%
Munich 1997 Dortmund
100%
Bari 1991 Etoile rouge de Belgrade
100%
Milan 1970 Feyenoord
100%
Madrid 2010 Inter Milan
100%
Madrid 2019 Liverpool
100%
Istanbul 2005 Liverpool
100%
Rome 1984 Liverpool
100%
Rome 1977 Liverpool
100%
Istanbul 2023 Manchester City
100%
Moscou 2008 Manchester United
100%
Munich 1993 Marseille
100%
Athènes 2007 Milan
100%
Manchester 2003 Milan
100%
Athènes 1994 Milan
100%
Vienne 1990 Milan
100%
Barcelone 1989 Milan
100%
Londres 1963 Milan
100%
Munich 1979 Nottingham Forest
100%
Gelsenkirchen 2004 Porto
100%
Londres 2024 Real Madrid
100%
Saint-Denis 2022 Real Madrid
100%
Kiev 2018 Real Madrid
100%
Cardiff 2017 Real Madrid
100%
Milan 2016 Real Madrid
100%
Lisbonne 2014 Real Madrid
100%
Glasgow 2002 Real Madrid
100%
Amsterdam 1998 Real Madrid
100%
Stuttgart 1959 Real Madrid
100%
Bruxelles 1958 Real Madrid
100%
Madrid 1957 Real Madrid
100%
Paris 1956 Real Madrid
100%
Séville 1986 Steaua Bucarest
100%
Vienne 1995 Ajax
67%
Milan 2001 Bayern
67%
Glasgow 1976 Bayern
67%
Amsterdam 1962 Benfica
67%
Berne 1961 Benfica
67%
Athènes 1983 Hambourg
67%
Vienne 1964 Inter Milan
67%
Rome 1996 Juventus
67%
Bruxelles 1985 Juventus
67%
Paris 1981 Liverpool
67%
Londres 1978 Liverpool
67%
Barcelone 1999 Manchester United
67%
Londres 1968 Manchester United
67%
Madrid 1969 Milan
67%
Madrid 1980 Nottingham Forest
67%
Stuttgart 1988 PSV
67%
Saint-Denis 2000 Real Madrid
67%
Bruxelles 1966 Real Madrid
67%
Glasgow 1960 Real Madrid
67%
Milan 1965 Inter Milan
33%
Vienne 1987 Porto
33%
Aucun quiz correspondant
Distribution des résultats
% des personnes avec chaque résultat
Percentile par nombre de réponses
Votre historique - résultats
Vous n’avez pas pris ce quiz